000 00611nam a22002297a 4500
003 UA-OsUOA
001 96377
007 ta
008 20130319b un ||||| |||| 00| 0 ukr d
100 _aМаковецкий В.
090 _a821.161.1
_bМ16
942 _cBK
040 _aUA-OsUOA
_brus
_cUA-OsUOA
_dUA-OsUOA
245 _aКерченские повести
300 _a208 с.
955 _a3
041 _arus
080 _a821.161.1
260 _aСимферополь
_bТаврия
_c1981
650 7 _a82 Література. Літературознавство
_2UDC
999 _c382636
_d382636